| 000 | 00872nam a22002657a 4500 | ||
|---|---|---|---|
| 001 | BR7904385 | ||
| 003 | BR-BrBNA | ||
| 005 | 20230928090037.0 | ||
| 007 | ta | ||
| 008 | 230509b bl.||||| |||| 00| 0 por d | ||
| 040 |
_aBR-BrBNA _bpor _cBiblioteca Nacional de Agricultura |
||
| 041 | _a(Por) | ||
| 072 |
_aE15 _b/G514 |
||
| 090 | _ E15 BR7904385 | ||
| 110 | 1 |
_aCooperativa Mista Agropecuaria de Maracana, PA (Brasil) _92899 |
|
| 245 | 1 |
_aRelatorio da Diretoria e Balanco Geral da cooperativa mista Agropecuaria de Maracana, 1978 [Para; Brasil] _bConvenio SUDAM/EMATER-Para |
|
| 260 | 3 |
_aBelem, PA (Brasil): _bEmpresa de Assistencia Tecnica e Extensao Rural do Estado do Para, _c1979. |
|
| 300 | _a7 p. | ||
| 650 | _aMicroeconomia | ||
| 650 | _aContabilidade | ||
| 650 | _aCooperativa | ||
| 650 | _aPara | ||
| 909 |
_a202309 _bLucia _c55 _dLucia Elande |
||
| 942 | _cBK | ||
| 999 |
_c27571 _d27571 |
||